00797 a2200181 45000010006000000050017000060080041000230030015000640400040000790800109001192450030002280200018002582640038002763000019003145050165003331000018004988560099005164605620260407155733.0260407a1999 arg spa dAR-UNSa-BCEJYS aAR-UNSa-BCEJYSbspacAR-UNSa-BCEJYS a339.9xEconomía internacional en general. Relaciones económicas internacionales. Economía mundial 10aKnowledge for development a0-19-521118-9 1aWashington :bBanco Mundialc1999 a252 p.c27 cm. aPart one: Narrowing knowledge gaps – Part two: Addressing information problems – Part three policy priorities – Selected world development indicators – 1 aBanco Mundial41uhttps://www.biblioeco.unsa.edu.ar/pmb/images/libros/L127299.jpgyImagen de portadaqimage/jpeg